00526nam a22001697a 450000500170000001000130001702000140003003500110004403700130005508200070006810000400007524500740011524600530018926000440024227000470028630000230033320210614154045.0 aUR-11140 c200.00a- aU-9695 bDBAD/PUB aک aجميل نظا م آ با د ی  aسچ بو لتے ا فسا نے cجميل نظا م آ با د ی  aSuch Bolte Afsane (Urdu)bby Jameel Nizam Abadi  aTilanganac2020 ءbGoonj Publications  a9-19+64/AMiley Pali,bNizamabade503001l- a112 ص c22 Cm(Hb)